000
00336nam a2200145Ia 4500
003
OSt
008
191201s2005 xx 000 0 und d
082
_a
658.81
_b
KHS
100
_a
KHAN, Matin
245
0
_a
Sales and Distribution Management
260
_a
N. Delhi
_b
Excel Books
_c
2005
300
_a
350
650
_a
MBA
942
_2
ddc
_c
BK
999
_c
6548
_d
6548